Applied calculus

Saved in:
Bibliographic Details
Main Author: Hughes-Hallett, Deborah
Format: Book
Language:English
Published: New York, NY : Wiley, c2003
Edition:2nd ed.
Subjects:
Tags: Add Tag
No Tags, Be the first to tag this record!

MARC

LEADER 00000nam a2200000 i 4500
001 1/72277
008 050225s2003 eng d
020 |a 0-471-20792-6 (pbk.) 
035 |l 10076774 
040 |a GR-MY-UA  |b gre  |e aacr 
041 0 |a eng 
082 0 |a 515  |2 (21) 
100 1 |a Hughes-Hallett, Deborah. 
245 1 0 |a Applied calculus /  |c Deborah Hughes-Hallett ... [και ά.], with the assistance of Otto K. Brescher, Eric Connally, Richard D. Porter 
250 |a 2nd ed. 
260 |a New York, NY :   |b Wiley,   |c c2003 
300 |a xix, 474 σ.;  |b διαγ.;  |c 27 εκ. 
504 |a Περιλαμβάνει ευρετήριο 
650 0 0 |a Calculus. 
852 |a INST  |b CHIOS  |e 20050225  |h 515 HUG  |p 005200022447  |q 005200022447  |t BK  |y 0 
901 |a BIBL2-2005-1 
909 |a Χ  |b 112486 
920 |a ΔΙΕΥΡΥΝΣΗ  |b ΕΠΕΑΕΚ-ΤΜΟΔ  |y ΧΙΟΣ  |z 2004-12 
970 |a ΣΑΛΑΜΟΥΡΑ  |b ΜΑΡΙΑ  |z 2005/02/25